Spôsob prípravy esterov 4-alkylamido-3-(alkyloxy)-5-nitrocyklohex-1-én-1- -karboxylovej kyseliny a ich enantiomérov

Podrobná bibliografia
Korporatívny autor: SYNKOLA (Bratislava, Slovensko) (Majiteľ patentu)
Ďalší autori: Durmis, Július, 1942- (Pôvodca), Brath, Henrich (Pôvodca), Danko, Peter (Pôvodca), Hajzer Viktória (Pôvodca), Kicková Anna (Pôvodca), Latika, Attila (Pôvodca)
Médium: Kniha
Jazyk:slovenčina
Fyzický popis:13 s. obr. 30 cm
Vydavateľské údaje: [Banská Bystrica] Úrad priemyselného vlastníctva SR [2016]
Predmet:

MARC

LEADER 00000cam a2200000 a 4500
001 vtls011495533
003 SK-MaSNL
005 20260301091817.0
008 251120s2016 xo a f j f000 0 slo
013 |a 288333  |b xo  |c patent  |d 20160104  |e dátum sprístupnenia patentu 
013 |a 50041-2011  |e číslo prihlášky  |d 20111021  |e dátum podania prihlášky  |d 20130503  |e dátum zverejnenia prihlášky (Vestník ÚPV SR č.: 5/2013) 
015 |a SNBN2016 
040 |a SNK  |b slo  |c SNK  |e AACR2 
041 0 |a slo 
044 |a xo  |c SK 
072 7 |a 615  |x Farmácia. Farmakológia  |2 konspekt 
072 7 |a 547  |x Organická chémia  |2 konspekt 
080 |a 615.012/.014  |2 2001 
080 |a 547.1-3  |2 2001 
084 |a C07C 205/00  |2 IPC 
084 |a C07C 227/00  |2 IPC 
084 |a C07C 229/00  |2 IPC 
245 0 0 |a Spôsob prípravy esterov 4-alkylamido-3-(alkyloxy)-5-nitrocyklohex-1-én-1- -karboxylovej kyseliny a ich enantiomérov  |c Attila Latika ... [et. al] ; patent. zást. Magdaléna Bachratá 
260 |a [Banská Bystrica]  |b Úrad priemyselného vlastníctva SR  |c [2016] 
300 |a 13 s.  |b obr.  |c 30 cm 
650 0 7 |a technológia liekov  |2 SNKPH  |9 78332 
650 0 7 |a Drug technology  |2 SNKPHeng  |9 303428 
650 0 7 |a organické zlúčeniny  |2 SNKPH  |9 4318 
650 0 7 |a Organic compounds  |2 SNKPHeng  |9 306924 
655 7 |a patenty  |2 SNKPH  |9 177343 
655 7 |a patent licenses  |2 SNKPHeng  |9 303430 
700 1 |a Durmis, Július,  |d 1942-  |4 org  |9 223925 
700 1 |a Brath, Henrich  |4 org  |9 28499 
700 1 |a Bachratá, Magdaléna  |4 oth  |9 296907 
700 1 |a Danko, Peter  |4 org  |9 421654 
700 1 |a Hajzer Viktória  |4 org  |9 421655 
700 1 |a Kicková Anna  |4 org  |9 421656 
700 1 |a Latika, Attila  |4 org  |9 421657 
710 2 |a SYNKOLA (Bratislava, Slovensko)  |4 pth  |9 362918 
852 |a Štátna vedecká knižnica v Banskej Bystrici 
999 |c 672201  |d 674131 
952 |a SNK  |b SNK  |y PREZ  |7 0  |p 17A1181012  |o snkSK 288333  |i snk2016/4883  |8 0  |0 0  |1 0  |4 0  |d 2016-02-22  |l 0  |r 2026-02-23 19:30:33  |w 2026-02-23